000 00910cab a22001935a 4500
001 L141841
008 080102e20071213xxko f 000 0 eng d
035 _a(Sirsi) u141841
041 0 _aeng
100 1 _aThompson, Paul
245 0 2 _aA practical design for affordable eco homes
260 _c2007
490 0 _aConstruction News
_v(7048) 13 December 2007, 24-25(2)
520 _aDescribes the energy efficient features of BASF house, part of Nottingham University?s Creative Energy Homes Project. The project aims to show that affordable homes that exceed level four of the "Code for sustainable homes" are achievable (the final cost is £70 000 per house). The BASF house boasts a highly efficient insulation system, ground cooling, and incorporates the unusual oast house design.
590 _aKA
651 4 _aUnited Kingdom
_y
690 _aBUILT ENVIRONMENT-SUSTAINABLE CONSTRUCTION
942 _n0
999 _c79617
_d79617